00456ntaaa2200157 45000030003000000050017000030080021000200200015000410400037000560820018000931000024001112450067001352500010002022600059002126500027002710120251027201349.00714s1973 ag 01  a0311486800 aAR-BaBNbspacAR-BaBNeaacrdRIC a225.0000 Un2d aUnderwood, Jose B.  aDe cierto, de cierto te digo...: dichos de Jesus y sus amigos. a1 ed. aEl Paso : bEditorial Mundo Hispano, c1978 ; c14 cm. aJesucristo-Enseñanza